[Event "Voronezh Winter Rating op"]
[Site "Voronezh"]
[Date "2015.01.29"]
[Round "8"]
[White "Koshelev, Vladimir"]
[Black "Malikov, Sergey Konstantinov"]
[Result "1/2-1/2"]
[WhiteElo "1895"]
[BlackElo "1869"]
[PlyCount "28"]
[EventDate "2015.01.17"]
[EventType "swiss"]
[EventRounds "9"]
[EventCountry "RUS"]
[SourceTitle "EXT 2017"]
[Source "ChessBase"]
[SourceDate "2016.10.25"]
[SourceVersion "1"]
[SourceVersionDate "2016.10.25"]
[SourceQuality "1"]

1. d4 Nf6 2. Bg5 d5 3. Bxf6 exf6 4. e3 Bb4+ 5. c3 Bd6 6. Bd3 0-0 7. Qh5 g6 8. Qh6 f5 9. Nf3 f6 10. Nh4 Rf7 11. Nd2 Bf8 12. Qf4 Bd6 13. Qh6 Bf8 14. Qf4 Bd6 1/2-1/2

[Event "Voronezh Winter Rating op"]
[Site "Voronezh"]
[Date "2015.01.24"]
[Round "5"]
[White "Malikov, Sergey Konstantinov"]
[Black "Tatarintsev, Egor"]
[Result "0-1"]
[WhiteElo "1869"]
[BlackElo "1736"]
[PlyCount "48"]
[EventDate "2015.01.17"]
[EventType "swiss"]
[EventRounds "9"]
[EventCountry "RUS"]
[SourceTitle "EXT 2017"]
[Source "ChessBase"]
[SourceDate "2016.10.25"]
[SourceVersion "1"]
[SourceVersionDate "2016.10.25"]
[SourceQuality "1"]

1. e4 e6 2. Qe2 c5 3. g3 Nc6 4. Nf3 Be7 5. Bg2 d5 6. d3 Nf6 7. 0-0 0-0 8. Bg5 b6 9. Nc3 Bb7 10. Rae1 Nxe4 11. Nxe4 dxe4 12. dxe4 Bxg5 13. Rd1 Qe7 14. Nxg5 Qxg5 15. Rd7 Nd4 16. Qd3 Bc6 17. f4 Qh6 18. Rd6 Rad8 19. Rxd8 Rxd8 20. Rd1 Qf6 21. Kf2 Bb5 22. Qd2 Nc6 23. Qe1 Rxd1 24. Qxd1 Qxb2 0-1

[Event "Voronezh Winter Rating op"]
[Site "Voronezh"]
[Date "2015.01.20"]
[Round "3"]
[White "Malikov, Sergey Konstantinov"]
[Black "Moshkin, Mikhail"]
[Result "1-0"]
[WhiteElo "1869"]
[BlackElo "1618"]
[PlyCount "79"]
[EventDate "2015.01.17"]
[EventType "swiss"]
[EventRounds "9"]
[EventCountry "RUS"]
[SourceTitle "EXT 2017"]
[Source "ChessBase"]
[SourceDate "2016.10.25"]
[SourceVersion "1"]
[SourceVersionDate "2016.10.25"]
[SourceQuality "1"]

1. e4 c5 2. Nc3 e6 3. Qe2 d6 4. f4 Nc6 5. Nf3 Be7 6. d3 a6 7. g3 Bd7 8. Bg2 b5 9. 0-0 b4 10. Nd1 Nf6 11. Ne3 0-0 12. Nc4 d5 13. Nce5 d4 14. g4 Nxe5 15. Nxe5 Bb5 16. Bd2 Nd7 17. Nxd7 Qxd7 18. e5 Bc6 19. a4 a5 20. b3 Qb7 21. Bf3 Rad8 22. Qg2 Bd5 23. Rae1 Bh4 24. Re2 Be7 25. f5 Bxf3 26. Rxf3 Qd5 27. Qh3 f6 28. exf6 Rxf6 29. g5 Rf7 30. Rxe6 Rdf8 31. g6 h6 32. gxf7+ Rxf7 33. Re4 Bf6 34. Be1 Kh7 35. Bh4 Bxh4 36. Qxh4 Rxf5 37. Rxf5 Qxf5 38. Qg4 Qf6 39. Re6 Qf7 40. Qe4+ 1-0

[Event "Anna Chess Players Memorial"]
[Site "Anna"]
[Date "2014.09.02"]
[Round "9"]
[White "Terenya, Alexander"]
[Black "Malikov, Sergey Konstantinov"]
[Result "0-1"]
[WhiteElo "1758"]
[BlackElo "1828"]
[PlyCount "60"]
[EventDate "2014.08.30"]
[EventType "swiss"]
[EventRounds "9"]
[EventCountry "RUS"]
[SourceTitle "EXT 2018"]
[Source "ChessBase"]
[SourceDate "2017.10.13"]
[SourceVersion "1"]
[SourceVersionDate "2017.10.13"]
[SourceQuality "1"]

1. e4 d5 2. exd5 Qxd5 3. Nc3 Qd6 4. Nf3 Nf6 5. d4 c6 6. Bc4 Bg4 7. 0-0 e6 8. Be3 Qc7 9. h3 Bh5 10. Be2 Nbd7 11. Ng5 Bg6 12. Bf3 Bd6 13. Nce4 Bf4 14. Qe2 h6 15. Nxe6 fxe6 16. Nxf6+ Nxf6 17. Bxf4 Qxf4 18. Qxe6+ Kf8 19. Qb3 Qc7 20. Rae1 Rd8 21. Qb4+ Kg8 22. Re7 Rd7 23. Rfe1 Kh7 24. Rxd7 Nxd7 25. Re7 Re8 26. Bg4 c5 27. Qe1 Qd8 28. Rxe8 Qxe8 29. Qxe8 Bxe8 30. d5 Nf6 0-1

[Event "Borisoglebsk Bocharov Memorial"]
[Site "Borisoglebsk"]
[Date "2014.03.16"]
[Round "7"]
[White "Kopovaya, Aleksandra"]
[Black "Malikov, Sergey Konstantinov"]
[Result "1-0"]
[WhiteElo "1697"]
[BlackElo "1830"]
[PlyCount "94"]
[EventDate "2014.03.13"]
[EventType "swiss"]
[EventRounds "9"]
[EventCountry "RUS"]
[SourceTitle "CBM 159 Extra"]
[Source "ChessBase"]
[SourceDate "2014.04.24"]
[SourceVersion "1"]
[SourceVersionDate "2014.04.24"]
[SourceQuality "1"]

1. e4 e5 2. d4 exd4 3. Qxd4 Nc6 4. Qe3 Nf6 5. Nc3 Bb4 6. Bd2 0-0 7. 0-0-0 Re8 8. Qg3 d6 9. f3 Be6 10. Kb1 a6 11. Nge2 Ne5 12. Nd4 Bd7 13. a3 Ba5 14. Nb3 Bb6 15. h3 Be6 16. Bg5 Nh5 17. Qh4 Nf6 18. f4 Ng6 19. Qe1 h6 20. Bxf6 Qxf6 21. g3 Rad8 22. Be2 Qe7 23. Nd4 Bd7 24. h4 Bxd4 25. Rxd4 c5 26. Rd1 Bc6 27. Bf3 Nf8 28. g4 Ne6 29. g5 Nxf4 30. gxh6 g6 31. h5 Kh7 32. hxg6+ Nxg6 33. Qf2 Qf6 34. Rdf1 Re7 35. Qg2 Re5 36. Bg4 Qe7 37. Bf5 b5 38. Rf2 b4 39. Rhf1 Rxf5 40. Rxf5 Rf8 41. axb4 cxb4 42. Nd5 Bxd5 43. Rxd5 Kxh6 44. Qh2+ Kg7 45. Rxd6 Qxe4 46. Rh1 Ra8 47. Qh6+ Kg8 1-0

[Event "Borisoglebsk Bocharov Memorial"]
[Site "Borisoglebsk"]
[Date "2014.03.16"]
[Round "8"]
[White "Malikov, Sergey Konstantinov"]
[Black "Shumsky, Vladimir"]
[Result "0-1"]
[WhiteElo "1830"]
[BlackElo "1868"]
[PlyCount "126"]
[EventDate "2014.03.13"]
[EventType "swiss"]
[EventRounds "9"]
[EventCountry "RUS"]
[SourceTitle "CBM 159 Extra"]
[Source "ChessBase"]
[SourceDate "2014.04.24"]
[SourceVersion "1"]
[SourceVersionDate "2014.04.24"]
[SourceQuality "1"]

1. d4 d5 2. Nc3 c6 3. Bf4 Nf6 4. Nf3 Nbd7 5. e3 e6 6. Bd3 Bb4 7. 0-0 0-0 8. Ne2 Ne4 9. a3 Ba5 10. Ng3 f5 11. Ne5 Bc7 12. f3 Nxg3 13. Bxg3 g5 14. Nxd7 Bxd7 15. Bxc7 Qxc7 16. g4 e5 17. gxf5 Bxf5 18. e4 Bh3 19. Rf2 Rf4 20. dxe5 Qxe5 21. exd5 cxd5 22. Qe1 Re8 23. Re2 Qd4+ 24. Kh1 Rxe2 25. Qxe2 Rf8 26. Rg1 Qf4 27. Rg3 Bf5 28. Bxf5 Qxf5 29. h4 h6 30. hxg5 hxg5 31. Qe7 Rf6 32. Qd8+ Kf7 33. Qc7+ Ke6 34. Kg2 Rf7 35. Qc8+ Ke5 36. Qh8+ Kd6 37. Qd8+ Kc6 38. Qe8+ Kc7 39. Qe2 a6 40. Rh3 Kd7 41. Rh8 Re7 42. Qd2 Qe5 43. Rh2 Qe2+ 44. Kg3 Qxd2 45. Rxd2 Kc6 46. Kg4 Re5 47. Rh2 a5 48. Rh6+ Kc5 49. Rh7 b5 50. Rc7+ Kb6 51. Rc8 b4 52. axb4 axb4 53. c3 bxc3 54. Rxc3 d4 55. Rc2 d3 56. Rd2 Rd5 57. Kg3 Kb5 58. Kf2 Kc4 59. Rd1 Kd4 60. Ra1 Kc4 61. Rd1 Re5 62. Rd2 Kd4 63. f4 Rf5 0-1

[Event "Voronezh Rating op 01"]
[Site "Voronezh"]
[Date "2014.01.23"]
[Round "9"]
[White "Chermashentsev, Victor"]
[Black "Malikov, Sergey Konstantinov"]
[Result "0-1"]
[WhiteElo "1792"]
[BlackElo "1821"]
[PlyCount "64"]
[EventDate "2014.01.10"]
[EventType "swiss"]
[EventRounds "9"]
[EventCountry "RUS"]
[SourceTitle "EXT 2015"]
[Source "ChessBase"]
[SourceDate "2014.11.20"]
[SourceVersion "1"]
[SourceVersionDate "2014.11.20"]
[SourceQuality "1"]

1. e4 e5 2. Nf3 Nf6 3. Nxe5 d6 4. Nf3 Nxe4 5. Bc4 d5 6. Qe2 Be7 7. d3 Nf6 8. Bb3 0-0 9. 0-0 Re8 10. d4 Nc6 11. c3 Bg4 12. h3 Bd6 13. Be3 Bf5 14. Bc2 Qd7 15. Qd1 Ne4 16. Re1 Re7 17. Nbd2 Rae8 18. Kf1 Bxh3 19. gxh3 Qxh3+ 20. Ke2 Ng3+ 21. Kd3 Qf5+ 22. Ne4 Nxe4 23. Ke2 Bf4 24. Qd3 Bxe3 25. Qxe3 Ng3+ 26. Kd2 Ne4+ 27. Kc1 Qh3 28. Rg1 Re6 29. b4 Rf6 30. Rg3 Qf1+ 31. Kb2 Qxf2 32. Ng5 Qxg3 0-1

[Event "Voronezh Rating op 01"]
[Site "Voronezh"]
[Date "2014.01.14"]
[Round "4"]
[White "Koshelev, Vladimir"]
[Black "Malikov, Sergey Konstantinov"]
[Result "1-0"]
[WhiteElo "1877"]
[BlackElo "1821"]
[PlyCount "77"]
[EventDate "2014.01.10"]
[EventType "swiss"]
[EventRounds "9"]
[EventCountry "RUS"]
[SourceTitle "EXT 2015"]
[Source "ChessBase"]
[SourceDate "2014.11.20"]
[SourceVersion "1"]
[SourceVersionDate "2014.11.20"]
[SourceQuality "1"]

1. b3 e5 2. Bb2 Nc6 3. e3 Nf6 4. c4 d5 5. cxd5 Nxd5 6. a3 a6 7. d3 Be7 8. Nf3 Bg4 9. Be2 Bxf3 10. Bxf3 0-0 11. 0-0 Re8 12. Qc2 Bf6 13. Nd2 Qd7 14. Rfd1 Rad8 15. Ne4 Be7 16. Rac1 Bf8 17. Nc5 Bxc5 18. Qxc5 Qd6 19. b4 Re6 20. g3 f5 21. Qc4 Kh8 22. Qb3 f4 23. Rc5 Nde7 24. Be4 Ng6 25. Rdc1 Rf6 26. Rd5 Qe7 27. Rxd8+ Qxd8 28. gxf4 Rd6 29. f5 Nh4 30. Kh1 Qd7 31. Rg1 Nxf5 32. Qd1 g6 33. Qe2 Qf7 34. f4 Qe7 35. Bxc6 bxc6 36. Bxe5+ Kg8 37. Bxd6 cxd6 38. e4 Kf7 39. Qa2+ 1-0

[Event "Voronezh-ch"]
[Site "Voronezh"]
[Date "2013.10.26"]
[Round "8"]
[White "Sokolovsky, Victor"]
[Black "Malikov, Sergey Konstantinov"]
[Result "1-0"]
[WhiteElo "1995"]
[BlackElo "1830"]
[PlyCount "75"]
[EventDate "2013.10.18"]
[EventType "swiss"]
[EventRounds "9"]
[EventCountry "RUS"]
[SourceTitle "EXT 2014"]
[Source "ChessBase"]
[SourceDate "2013.11.20"]
[SourceVersion "1"]
[SourceVersionDate "2013.11.20"]
[SourceQuality "1"]

1. e4 e5 2. Nf3 Nf6 3. Nxe5 d6 4. Nf3 Nxe4 5. Nc3 Nxc3 6. bxc3 Be7 7. d4 Bg4 8. Bd3 0-0 9. 0-0 Nd7 10. Re1 Bf6 11. Bf4 Nb6 12. Qd2 c6 13. Ng5 Bxg5 14. Bxg5 f6 15. Bf4 Qd7 16. c4 Kh8 17. Qe3 g5 18. Bg3 Rae8 19. Qd2 d5 20. c5 Nc4 21. Bxc4 dxc4 22. Bd6 Rxe1+ 23. Rxe1 Re8 24. h3 Be6 25. h4 gxh4 26. Qh6 Qg7 27. Qxh4 Qg5 28. Qe4 Bf7 29. Be7 Kg7 30. Qf3 Bh5 31. Qh3 Bf7 32. Re3 Bg6 33. Qe6 Qf4 34. Qd7 Kg8 35. Bd6 Qxe3 36. fxe3 Rxe3 37. Qd8+ Re8 38. Qxf6 1-0